| 000 | 01117nam a22001937a 4500 | ||
|---|---|---|---|
| 999 |
_c17943 _d17943 |
||
| 003 | BDDh-ASL | ||
| 005 | 20231015025647.0 | ||
| 008 | 200915b1984 ||||| |||| 00| 0 d | ||
| 040 |
_aBDDh-ASL _cBDDh-ASL _dBDDh-ASL |
||
| 041 | _abengali | ||
| 082 |
_a২৯৭.১ _bইসলা |
||
| 100 |
_9766 _aআলী, মওলানা মুশাহিদ |
||
| 245 | 1 |
_aইসলামের রাষ্ট্রীয় ও অর্থনৈতিক উত্তরাধিকার/ _cমওলানা মুশাহিদ আলী; আবু সাঈদ মুহাম্মদ ওমর আলী (অনু.), |
|
| 260 |
_aঢাকা: _bইসলামিক ফাউন্ডেশন বাংলাদেশ, _c১৯৮৪। |
||
| 300 |
_aপনের, ২২৫ পৃষ্ঠা: _c২১ সে. মি.। |
||
| 650 | 0 |
_9767 _aইসলাম ধর্ম _xইসলামিক রাষ্ট্রব্যবস্থা _xইসলামিক অর্থনীতি |
|
| 700 |
_9765 _aআলী, আবু সাঈদ মুহাম্মদ ওমর |
||
| 942 |
_2ddc _cBK |
||